000 00509nam a22001697a 4500
005 20251126060737.0
008 251126b |||||||| |||| 00| 0 eng d
020 _a978-93-91208-59-2
041 _aeng
082 _a615.32
100 _aZAGEER, DR. DHEAA SHAMIKH AND HANTOOSH, DR. SUNDS FADHIL
_98829
245 _aTEXTBOOK OF PARACETAMOL A MAGIC DRUG BUT WITH ADVERSITY
250 _aRE. PRINT ED. 2025
260 _aNEW DELHI
_bINNOVATIVE PUBLICATIONS PVT LTD
_c2025
300 _a194;P
942 _cBK
999 _c9012
_d9010